Top notch 3 : English for today’s world

Top Notch, a dynamic 6-level course for international communication, sets a new standard, using the natural language that people really speak. With a rock-solid learner-centered approach, Top Notch provides students an opportunity to confirm their own progress at the end of every easy-to-teach two-p...

ver descrição completa

Na minha lista:
Detalhes bibliográficos
Autor principal: Saslow, Joan M
Formato: Livro
Idioma:Undetermined
Publicado em: White Plains, NY Longman 2006
Assuntos:
Tags: Adicionar Tag
Sem tags, seja o primeiro a adicionar uma tag!
Thư viện lưu trữ: Trung tâm Học liệu Trường Đại học Cần Thơ
LEADER 01388nam a2200205Ia 4500
001 CTU_194953
008 210402s9999 xx 000 0 und d
082 |a 428.24 
082 |b S252/B.3 
100 |a Saslow, Joan M 
245 0 |a Top notch 3 : 
245 0 |b English for today’s world 
245 0 |c Joan Saslow, Allen Ascher 
260 |a White Plains, NY 
260 |b Longman 
260 |c 2006 
520 |a Top Notch, a dynamic 6-level course for international communication, sets a new standard, using the natural language that people really speak. With a rock-solid learner-centered approach, Top Notch provides students an opportunity to confirm their own progress at the end of every easy-to-teach two-page lesson. Features of Top Notch 3 *Essential model conversations that make key social language unforgettable and easy to personalize *Intensive vocabulary development with active recycling *Complete grammar support--extended by a bound-in Grammar Booster *"Top Notch Interactions"--unique step-by-step discussion builders that guarantee success for all learners *Thorough attention to pronunciation *A wide array of learning strategies and activities that promote critical thinking *Authentic and refreshing content that connects students to the real world 
650 |a English language 
904 |i Hải 
980 |a Trung tâm Học liệu Trường Đại học Cần Thơ